000 00388nam a2200145Ia 4500
008 230917s9999||||xx |||||||||||||| ||und||
040 _e88040
_aMAIN
041 _aEnglish
082 _a355.00954 K898A
100 _aKrishna, Ashok
245 0 _aIndia's armed forces: 50 years of war and peace
260 _aNew Delhi
_bLancer Publishers
_c1998
300 _aviii, 181 p.
942 _cBK
999 _c113909
_d113909